000 00543nam a2200169Ia 4500
005 20250508151215.0
008 008 250505s9999 xx 000 0 eng d
037 _aBooks to be hide in OPAC
040 _aFEDL
_beng
_cFEDL
041 _aeng
_2eng
084 _a374.058, UNE/O
_qFEDL
245 0 _aInternational directory of adult education
260 _aParis, France
_bUnited Nations Educational, Scientific and Cultural Organization
_c1952
300 _a324p.
942 _cHB
_h374.058, UNE/O
999 _c1328226
_d1328226